[Event "Sachsen-Anhalt-ch"]
[Site "Magdeburg"]
[Date "2021.10.30"]
[Round "6"]
[White "Goergens, Michael"]
[Black "Hentzgen, Thomas"]
[Result "1/2-1/2"]
[WhiteElo "2070"]
[BlackElo "2042"]
[PlyCount "46"]
[EventDate "2021.10.28"]
[EventType "swiss"]
[EventRounds "7"]
[EventCountry "GER"]
[SourceTitle "CBM 205 Extra"]
[Source "ChessBase"]
[SourceDate "2022.01.31"]
[SourceVersion "1"]
[SourceVersionDate "2022.01.31"]
[SourceQuality "1"]

1. b4 c6 2. Bb2 Qb6 3. Bc3 d5 4. e3 Nf6 5. d3 Bf5 6. Nd2 Nbd7 7. Ngf3 e6 8. Qb1 Bg6 9. a4 Bd6 10. Qb2 a5 11. b5 0-0 12. Bd4 c5 13. Bxf6 Nxf6 14. Nh4 Qc7 15. Nxg6 fxg6 16. Nf3 Ng4 17. h3 Ne5 18. Be2 Nxf3+ 19. Bxf3 Be5 20. c3 Rac8 21. Rd1 b6 22. Qc2 Qe7 23. h4 Bb8 1/2-1/2

[Event "Oberliga Ost-A 1920"]
[Site "Germany"]
[Date "2021.07.18"]
[Round "11.4"]
[White "Schnoor, Ekkehard"]
[Black "Hentzgen, Thomas"]
[Result "1/2-1/2"]
[WhiteElo "2106"]
[BlackElo "2024"]
[PlyCount "41"]
[EventDate "2019.09.29"]
[EventType "team-tourn"]
[EventRounds "11"]
[EventCountry "GER"]
[SourceTitle "EXT 2023"]
[Source "ChessBase"]
[SourceDate "2022.10.05"]
[SourceVersion "1"]
[SourceVersionDate "2022.10.05"]
[SourceQuality "1"]
[WhiteTeam "Dresden Gruen Weiss"]
[BlackTeam "Halle USV"]
[WhiteTeamCountry "GER"]
[BlackTeamCountry "GER"]

1. e4 e6 2. d3 d5 3. Nd2 Nf6 4. Ngf3 c5 5. g3 Nc6 6. Bg2 Be7 7. 0-0 0-0 8. Re1 a5 9. e5 Nd7 10. a4 Qc7 11. Qe2 Nd4 12. Nxd4 cxd4 13. Nf3 Bb4 14. Rf1 Bc5 15. h4 Ra6 16. h5 f6 17. exf6 Nxf6 18. h6 Ng4 19. hxg7 Qxg7 20. Nh2 Nxh2 21. Kxh2 1/2-1/2

[Event "Oberliga Ost-A 1920"]
[Site "Germany"]
[Date "2019.12.07"]
[Round "4.7"]
[White "Sieber, Martin1111"]
[Black "Hentzgen, Thomas"]
[Result "1-0"]
[WhiteElo "1898"]
[BlackElo "2024"]
[PlyCount "79"]
[EventDate "2019.09.29"]
[EventType "team-tourn"]
[EventRounds "11"]
[EventCountry "GER"]
[SourceTitle "EXT 2021"]
[Source "ChessBase"]
[SourceDate "2020.10.23"]
[SourceVersion "1"]
[SourceVersionDate "2020.10.23"]
[SourceQuality "1"]
[WhiteTeam "Magdeburg Aufbau Elbe II"]
[BlackTeam "Halle USV"]
[WhiteTeamCountry "GER"]
[BlackTeamCountry "GER"]

1. d4 e6 2. Nf3 c5 3. c4 cxd4 4. Nxd4 a6 5. g3 Qc7 6. b3 b5 7. Bg2 Bb7 8. Bxb7 Qxb7 9. 0-0 bxc4 10. bxc4 Nc6 11. Nb3 Be7 12. Bb2 Nf6 13. N1d2 0-0 14. Rb1 Qc7 15. e4 d6 16. Qe2 Nd7 17. Rfc1 Na5 18. Qe3 Nb7 19. Nf3 Nbc5 20. e5 Rac8 21. exd6 Qxd6 22. Rd1 Qc7 23. Qd4 Bf6 24. Qd6 Qxd6 25. Rxd6 Be7 26. Rd2 Nb6 27. Na5 Nca4 28. Be5 Nxc4 29. Nxc4 Rxc4 30. Rd7 Bf6 31. Ra7 Rc6 32. Rb4 Nc5 33. Rc4 Rfc8 34. Nd4 Rb6 35. Rxc5 Re8 36. Bxf6 gxf6 37. Rcc7 Rd8 38. Nb3 Rd1+ 39. Kg2 Rb1 40. Rxf7 1-0

[Event "Sachsen-Anhalt Verbandsliga 1920"]
[Site "Sachsen Anhalt"]
[Date "2019.10.20"]
[Round "2.1"]
[White "Enigk, Michael"]
[Black "Hentzgen, Thomas"]
[Result "1/2-1/2"]
[WhiteElo "1758"]
[BlackElo "1996"]
[PlyCount "97"]
[EventDate "2019.09.29"]
[EventType "team-tourn"]
[EventRounds "9"]
[EventCountry "GER"]
[SourceTitle "EXT 2023"]
[Source "ChessBase"]
[SourceDate "2022.10.05"]
[SourceVersion "1"]
[SourceVersionDate "2022.10.05"]
[SourceQuality "1"]
[WhiteTeam "Piesteritz Gruen-Weiss"]
[BlackTeam "Halle USV II"]
[WhiteTeamCountry "GER"]
[BlackTeamCountry "GER"]

1. e4 c5 2. Bc4 Nc6 3. Nf3 g6 4. 0-0 Bg7 5. Re1 e6 6. c3 Nge7 7. d4 cxd4 8. Nxd4 a6 9. Nxc6 Nxc6 10. Bf4 0-0 11. Bd6 Re8 12. Bb3 Na5 13. Nd2 Qb6 14. Nf3 Nxb3 15. axb3 Qc6 16. e5 b5 17. Qd4 Bb7 18. Qc5 Rec8 19. Qxc6 Bxc6 20. Nd4 Bd5 21. Ra5 Bf8 22. Bxf8 Kxf8 23. Rea1 Bb7 24. b4 Ke7 25. Nb3 Rc6 26. Nc5 Bc8 27. Ne4 Rb8 28. Nd6 Rxd6 29. exd6+ Kxd6 30. Rd1+ Ke7 31. f4 Bb7 32. Kf2 Rc8 33. g3 Rc7 34. Rd2 Kf6 35. Ra1 Ke7 36. Ke3 h5 37. h4 Rc8 38. Rd4 d5 39. Kd3 f6 40. Ke3 Rf8 41. Rf1 Rc8 42. Rg1 Kf7 43. g4 hxg4 44. Kf2 f5 45. Re1 Kf6 46. Kg3 Re8 47. Re5 Rh8 48. Rd2 Rc8 49. Rd4 1/2-1/2

[Event "Heusenstamm Sparkassen op-A 4th"]
[Site "Heusenstamm"]
[Date "2017.11.24"]
[Round "2"]
[White "Hentzgen, Thomas"]
[Black "Faerber, David"]
[Result "1-0"]
[WhiteElo "2037"]
[BlackElo "2211"]
[PlyCount "87"]
[EventDate "2017.11.23"]
[EventType "swiss"]
[EventRounds "7"]
[EventCountry "GER"]
[SourceTitle "EXT 2019"]
[Source "ChessBase"]
[SourceDate "2018.10.10"]
[SourceVersion "1"]
[SourceVersionDate "2018.10.10"]
[SourceQuality "1"]

1. d4 d5 2. c4 c6 3. Nf3 Nf6 4. Nc3 dxc4 5. a4 Bf5 6. e3 e6 7. Bxc4 Bb4 8. 0-0 0-0 9. Qe2 Nbd7 10. e4 Bg6 11. e5 Nd5 12. Nxd5 cxd5 13. Bd3 Rc8 14. Bxg6 fxg6 15. Be3 Qb6 16. Ng5 Rc6 17. h4 Be7 18. g3 Rfc8 19. Qb5 Bxg5 20. hxg5 Nb8 21. Qxb6 Rxb6 22. Rfc1 Rxc1+ 23. Rxc1 Nc6 24. a5 Rxb2 25. a6 Na5 26. Rc5 b5 27. Rc8+ Kf7 28. Rc7+ Kg8 29. Rxa7 Ra2 30. Rc7 Nc4 31. a7 Nb6 32. Rb7 Nc8 33. Rb8 Rxa7 34. Rxc8+ Kf7 35. Rb8 Ra1+ 36. Kg2 Rb1 37. Bd2 Rb2 38. Ba5 h6 39. Bb6 Ke7 40. Bc5+ Kd7 41. Rb7+ Kc6 42. Rb6+ Kd7 43. Rd6+ Ke7 44. Rxd5+ 1-0

[Event "Prague Holiday M21"]
[Site "Prague"]
[Date "2017.07.24"]
[Round "3"]
[White "Hentzgen, Thomas"]
[Black "Houska, Jiri"]
[Result "1-0"]
[WhiteElo "2015"]
[BlackElo "2191"]
[PlyCount "111"]
[EventDate "2017.07.23"]
[EventType "tourn"]
[EventRounds "9"]
[EventCountry "CZE"]
[SourceTitle "EXT 2023"]
[Source "ChessBase"]
[SourceDate "2022.10.05"]
[SourceVersion "1"]
[SourceVersionDate "2022.10.05"]
[SourceQuality "1"]

1. d4 Nf6 2. c4 g6 3. Nc3 d5 4. cxd5 Nxd5 5. e4 Nxc3 6. bxc3 Bg7 7. Be3 0-0 8. Qd2 c5 9. Rd1 Qa5 10. Nf3 Nc6 11. Be2 Bg4 12. 0-0 Rfd8 13. Qb2 cxd4 14. cxd4 Qb4 15. Qxb4 Nxb4 16. Rd2 b6 17. h3 Bxf3 18. Bxf3 Rac8 19. d5 Rc3 20. Rb1 Nc2 21. Bg5 Kf8 22. Bg4 h6 23. Bf4 h5 24. Bd1 Rdc8 25. Rc1 Nb4 26. Rxc3 Bxc3 27. Re2 Nd3 28. Bh6+ Bg7 29. Bxg7+ Kxg7 30. Ba4 Rc1+ 31. Kh2 Re1 32. Rxe1 Nxe1 33. Bb5 Nc2 34. h4 Nd4 35. a4 f5 36. e5 f4 37. Kh3 a5 38. Be8 Nf5 39. g4 fxg3 40. fxg3 Ne3 41. d6 exd6 42. exd6 Kf6 43. d7 Ke7 44. Bxg6 b5 45. axb5 a4 46. Bxh5 Nc4 47. Bd1 a3 48. Bb3 Nb6 49. h5 Nxd7 50. Kh4 Nc5 51. Ba2 Na4 52. Kg5 Nc3 53. Bc4 Nxb5 54. h6 Kf8 55. Kg6 a2 56. Bxa2 1-0

[Event "Sachsen-Anhalt-ch 27th"]
[Site "Magdeburg"]
[Date "2017.05.26"]
[Round "4.2"]
[White "Goergens, Michael"]
[Black "Hentzgen, Thomas"]
[Result "1/2-1/2"]
[WhiteElo "2021"]
[BlackElo "2009"]
[PlyCount "138"]
[EventDate "2017.05.25"]
[EventType "tourn"]
[EventRounds "7"]
[EventCountry "GER"]
[SourceTitle "EXT 2018"]
[Source "ChessBase"]
[SourceDate "2017.10.13"]
[SourceVersion "1"]
[SourceVersionDate "2017.10.13"]
[SourceQuality "1"]

1. e4 c5 2. Nc3 Nc6 3. g3 g6 4. Bg2 Bg7 5. d3 d6 6. Be3 Nd4 7. Qd2 Qa5 8. h3 Bd7 9. f4 e6 10. Nf3 Ne7 11. 0-0 0-0 12. g4 f5 13. a3 Qc7 14. Rae1 Rac8 15. Nd1 Ba4 16. b3 Bd7 17. Qf2 Nxf3+ 18. Bxf3 Nc6 19. c3 Qa5 20. Qb2 a6 21. Re2 b5 22. b4 cxb4 23. axb4 Qc7 24. Qa3 Nb8 25. Rc2 Bc6 26. Qa2 Qe7 27. Kg2 Kh8 28. Re1 Rce8 29. exf5 Bxf3+ 30. Kxf3 Qb7+ 31. Kg3 gxf5 32. g5 e5 33. Rce2 Nd7 34. d4 Nb6 35. dxe5 dxe5 36. h4 Nd5 37. Qd2 exf4+ 38. Bxf4 Rxe2 39. Rxe2 Nxf4 40. Qxf4 Qh1 41. Nf2 Qg1+ 42. Kf3 Bxc3 43. Qd6 Bg7 44. Qxa6 Qh2 45. Qxb5 Qxh4 46. Re7 Qh5+ 47. Kf4 Qh4+ 48. Kf3 Qh5+ 49. Kf4 h6 50. Rxg7 Kxg7 51. Qd7+ Rf7 52. Qd4+ Kh7 53. gxh6 Qxh6+ 54. Kf3 Qh5+ 55. Kf4 Qh4+ 56. Ke3 Qxd4+ 57. Kxd4 Kg6 58. b5 Kg5 59. b6 Kf4 60. Nd3+ Kg3 61. Kc5 Rf8 62. b7 Kf3 63. Ne5+ Ke4 64. Ng6 Rb8 65. Kc6 f4 66. Nxf4 Kxf4 67. Kc7 Rh8 68. b8Q Rxb8 69. Kxb8 Ke5 1/2-1/2

[Event "Leipzig VfB op 24th"]
[Site "Leipzig"]
[Date "2017.03.25"]
[Round "9"]
[White "Von Zimmermann, Georg"]
[Black "Hentzgen, Thomas"]
[Result "1-0"]
[WhiteElo "2129"]
[BlackElo "2012"]
[PlyCount "75"]
[EventDate "2017.03.21"]
[EventType "swiss"]
[EventRounds "9"]
[EventCountry "GER"]
[SourceTitle "EXT 2018"]
[Source "ChessBase"]
[SourceDate "2017.10.13"]
[SourceVersion "1"]
[SourceVersionDate "2017.10.13"]
[SourceQuality "1"]

1. e4 g6 2. c4 Bg7 3. Nc3 d6 4. g3 c5 5. Bg2 Nc6 6. Nge2 Nf6 7. d3 0-0 8. h3 Ne8 9. 0-0 Nc7 10. g4 Rb8 11. f4 b5 12. f5 bxc4 13. dxc4 Ne5 14. b3 e6 15. Be3 f6 16. Qd2 g5 17. Rad1 Nf7 18. fxe6 Bxe6 19. Ng3 Qe7 20. Bf2 Rbd8 21. Nf5 Bxf5 22. exf5 Rfe8 23. Bc6 Rf8 24. Nd5 Nxd5 25. Bxd5 Kh8 26. Bxf7 Qxf7 27. Rfe1 Qb7 28. Qd5 Qb4 29. Re6 Qc3 30. Kg2 Qb2 31. Rd2 Qb1 32. Rde2 h5 33. Rxd6 Rxd6 34. Qxd6 h4 35. Bxc5 Rf7 36. Qe6 Rc7 37. Qe8+ Kh7 38. Qh5+ 1-0

[Event "Heusenstamm Sparkassen op-A 3rd"]
[Site "Heusenstamm"]
[Date "2016.11.27"]
[Round "5"]
[White "Bogucanin, Mirsad"]
[Black "Hentzgen, Thomas"]
[Result "1/2-1/2"]
[WhiteElo "1923"]
[BlackElo "2042"]
[PlyCount "39"]
[EventDate "2016.11.24"]
[EventType "swiss"]
[EventRounds "7"]
[EventCountry "GER"]
[SourceTitle "EXT 2018"]
[Source "ChessBase"]
[SourceDate "2017.10.13"]
[SourceVersion "1"]
[SourceVersionDate "2017.10.13"]
[SourceQuality "1"]

1. Nf3 Nf6 2. d4 g6 3. c4 Bg7 4. Nc3 d6 5. e4 0-0 6. Be2 e5 7. 0-0 Nc6 8. d5 Ne7 9. Bg5 h6 10. Bh4 g5 11. Bg3 Nh5 12. Nd2 Nxg3 13. fxg3 f5 14. exf5 Nxf5 15. Nde4 Qe7 16. Qd2 Bd7 17. Bg4 Nd4 18. Bxd7 Qxd7 19. h3 a6 20. g4 1/2-1/2